| 000 | 00967nam a22003377a 4500 | ||
|---|---|---|---|
| 005 | 20250819154328.0 | ||
| 008 | 160516b2022 xxu||||| |||| 00| 0 spa d | ||
| 020 | _a9789930520956 | ||
| 041 | _aESP | ||
| 082 | _a345 A769e | ||
| 100 |
_aArocena, Gustavo Alberto _965167 |
||
| 245 | _aLa ejecución de la pena privativa de la libertad en Costa Rica: principios rectores | ||
| 260 | _aCosta Rica | ||
| 260 | _bJurídica Continental | ||
| 260 | _c2022 | ||
| 300 | _a224 páginas | ||
| 490 | _aInvestigación Criminal | ||
| 650 | _aDERECHO PENAL | ||
| 650 | _aCOSTA RICA | ||
| 650 | _aLIBERTAD | ||
| 650 | _aPENAS | ||
| 650 | _aEJECUCIÓN PENITENCIARIA | ||
| 650 | _aREINSERCIÓN SOCIAL | ||
| 650 | _aPRINCIPIO DE LEGALIDAD | ||
| 650 | _aPRINCIPIO DE DIGNIDAD | ||
| 650 | _aPROHIBICIÓN DE TORTURA | ||
| 650 | _aDIVERSIDAD CULTURAL | ||
| 650 | _aPERSONAL PENITENCIARIO | ||
| 650 | _aRESOLUCIÓN ALTERNATIVA DE CONFLICTOS | ||
| 942 |
_cBK _2ddc |
||
| 999 |
_c8063 _d8063 |
||